| 000 | 00407nam a2200121Ia 4500 | ||
|---|---|---|---|
| 008 | 220204s9999 xx 000 0 und d | ||
| 082 |
_a338.43.01(540) _bSAB |
||
| 245 | 0 | _aSouth Indian economy: Agrarian change, industrial structure and state policy. c. 1914-1947 | |
| 260 |
_aOxford _bOxford University Press _c1991 |
||
| 650 | _aIndustrial entreprenurship | ||
| 700 | _aSabyasachi Bhattacharya | ||
| 942 | _cBK | ||
| 999 |
_c40433 _d40433 |
||